[Event "ch-FRA Blitz Online Qual"]
[Site "Europe-Chess INT"]
[Date "2020.05.16"]
[Round "1"]
[White "Maged, Gabriel"]
[Black "Berthaut, Alexandre"]
[Result "0-1"]
[WhiteElo "1218"]
[BlackElo "1924"]
[WhiteFideId "551008629"]
[BlackFideId "26080192"]
[EventDate "2020.05.16"]

1. e4 b6 2. d4 Bb7 3. Nc3 e6 4. Nf3 Bb4 5. Be2 Bxe4 6. Bd2 Bb7 7. O-O Nf6 8. a3
Be7 9. Bd3 d6 10. Qe2 Nbd7 11. Rfe1 O-O 12. Bg5 h6 13. Bxf6 Bxf6 14. Ne4 Be7 15.
c4 Nf6 16. Nxf6+ Bxf6 17. Rad1 d5 18. cxd5 Qxd5 19. Be4 Qxe4 20. Qxe4 Bxe4 21.
Rxe4 Rfd8 22. Kf1 c5 23. Ke2 Rac8 24. dxc5 Rxd1 25. Kxd1 Rxc5 26. b4 Rd5+ 27.
Ke2 Bb2 28. a4 Kf8 29. Nd2 Re5 30. Rxe5 Bxe5 31. Nc4 Bb8 32. Kd3 Ke7 33. Ke4 h5
34. h3 Bd6 35. f4 Bxb4 36. f5 Bc5 37. Ne5 a6 38. Nc6+ Kd6 39. Nd8 Ke7 40. Nc6+
Kd6 41. Ne5 Ke7 42. fxe6 fxe6 43. Nc6+ Kd6 44. Nb8 a5 45. Na6 Kc6 46. Nxc5 Kxc5
47. Kd3 Kb4 48. g4 hxg4 49. hxg4 Kxa4 50. Ke4 Kb4 51. Ke5 a4 52. Kxe6 a3 53. g5
a2 54. g6 a1=Q 55. Kf7 Qf6+ 56. Kg8 Ka5 57. Kh7 b5 58. Kg8 b4 59. Kh7 b3 60. Kg8
b2 61. Kh7 b1=Q 62. Kg8 Qb8+ 63. Kh7 Qh2+ 64. Kg8 Qd8+ 65. Kxg7 Qhh8+ 66. Kf7
Qde8# 0-1

[Event "ch-FRA Blitz Online Qual"]
[Site "Europe-Chess INT"]
[Date "2020.05.16"]
[Round "1"]
[White "Cavailles, Evan"]
[Black "Quenehen, Nassim"]
[Result "1-0"]
[WhiteElo "2018"]
[BlackElo "1322"]
[WhiteFideId "36048445"]
[BlackFideId "45154198"]
[EventDate "2020.05.16"]

1. e4 e5 2. Nf3 Nf6 3. Nxe5 d6 4. Nf3 Nxe4 5. d4 d5 6. Bd3 Nf6 7. O-O Be6 8. Re1
Bd6 9. h3 O-O 10. c3 Nc6 11. Bc2 Qd7 12. Qd3 Ne7 13. Bg5 Bf5 14. Qd2 Ne4 15. Qe2
Ng6 16. Be3 Rfe8 17. Nbd2 Nxd2 18. Qxd2 Bxc2 19. Qxc2 Re7 20. Bg5 Rxe1+ 21. Rxe1
Re8 22. Re2 Rxe2 23. Qxe2 Qe6 24. Qxe6 fxe6 25. h4 Bf4 26. Bxf4 Nxf4 27. Ne5 Kf8
28. Kf1 Ke7 29. g3 Ng6 30. Nd3 Kd6 31. Ke2 c5 32. Ke3 c4 33. Ne1 b5 34. Nf3 a5
35. Ng5 h6 36. Nf3 b4 37. Nd2 bxc3 38. bxc3 Ne7 39. g4 Nc6 40. Nf3 g6 41. Kf4 a4
42. Nh2 Na5 43. Nf3 Nc6 44. h5 g5+ 45. Nxg5 hxg5+ 46. Kxg5 Ke7 47. Kg6 Kf8 48.
Kf6 Nd8 49. g5 Nf7 50. g6 Nd8 51. h6 Kg8 52. f4 Kf8 53. h7 Nf7 54. g7+ Ke8 55.
g8=Q+ Kd7 56. Qxf7+ Kc6 57. Qxe6+ Kb5 58. h8=Q Ka5 59. Qa8+ Kb5 60. Qec6# 1-0

[Event "ch-FRA Blitz Online Qual"]
[Site "Europe-Chess INT"]
[Date "2020.05.16"]
[Round "1"]
[White "Minde, Baptiste"]
[Black "Tomasi, Elise"]
[Result "0-1"]
[WhiteElo "1210"]
[BlackElo "2030"]
[WhiteFideId "45172110"]
[BlackFideId "26088843"]
[EventDate "2020.05.16"]

1. d4 d5 2. Nf3 e6 3. e3 Nf6 4. Bd3 c5 5. c3 Bd6 6. Nbd2 Nc6 7. O-O O-O 8. Qe2
e5 9. dxe5 Nxe5 10. Nxe5 Bxe5 11. e4 Re8 12. g3 Bg4 13. f3 Bh3 14. Re1 dxe4 15.
Nxe4 Nxe4 16. Bxe4 f5 17. Qc4+ Kh8 18. Bd5 Qd6 19. Be3 Bxg3 20. Red1 Bxh2+ 21.
Kf2 Qg3+ 22. Ke2 Qg2+ 23. Kd3 f4 24. Rd2 Bf5+ 25. Be4 Rad8+ 26. Kc2 Rxd2+ 27.
Bxd2 Bxe4+ 28. Qxe4 Rxe4 29. fxe4 Qxe4+ 30. Kb3 Qd5+ 31. Kc2 f3 32. Rf1 Qe4+ 33.
Kb3 h6 34. Rf2 Bg3 35. Rf1 Qe2 36. Rxf3 Qxf3 37. a3 Qd5+ 38. Kc2 Be5 39. b3 h5
40. c4 Qe4+ 41. Kd1 Qd3 42. Kc1 Bb2+ 43. Kd1 Qxd2+ 44. Kxd2 Bxa3 45. Ke3 h4 46.
Kf3 g5 47. Kg4 Kg7 48. Kh3 Kf6 49. Kg4 Kg6 50. Kh3 Kf5 51. Kg2 g4 52. Kh2 Kf4
53. Kg2 h3+ 54. Kh2 g3+ 55. Kg1 Kf3 56. Kh1 g2+ 57. Kg1 Kg3 58. b4 h2# 0-1

[Event "ch-FRA Blitz Online Qual"]
[Site "Europe-Chess INT"]
[Date "2020.05.16"]
[Round "1"]
[White "Lesueur, Gabriel"]
[Black "Rieger, Emmanuel"]
[Result "1-0"]
[WhiteElo "1906"]
[BlackElo "1306"]
[WhiteFideId "45186359"]
[BlackFideId "551000091"]
[EventDate "2020.05.16"]

1. e4 e5 2. Nf3 Nc6 3. Bb5 Bc5 4. Nxe5 Nxe5 5. d4 Bd6 6. dxe5 Bxe5 7. f4 c6 8.
Bc4 Bc7 9. O-O b5 10. Bb3 Bb6+ 11. Kh1 Ba6 12. Qg4 g6 13. f5 h5 14. Bxf7+ Kxf7
15. fxg6+ Kg7 16. Rf7# 1-0

[Event "ch-FRA Blitz Online Qual"]
[Site "Europe-Chess INT"]
[Date "2020.05.16"]
[Round "1"]
[White "Duranton, Paul"]
[Black "Benayoun, Omri"]
[Result "0-1"]
[WhiteElo "1203"]
[BlackElo "1901"]
[WhiteFideId "551013169"]
[BlackFideId "45113807"]
[EventDate "2020.05.16"]

1. d4 d5 2. e3 Nf6 3. Bd3 Bg4 4. f3 Bh5 5. Nd2 e6 6. Ne2 Bd6 7. f4 a6 8. O-O O-O
9. Qe1 Bg6 10. Nf3 c5 11. c3 Nc6 12. Ne5 Bxe5 13. Bxg6 hxg6 14. fxe5 Ne4 15. Rf3
b5 16. Rh3 b4 17. dxc5 a5 18. cxb4 axb4 19. Nd4 Nxe5 20. Qxb4 Qc7 21. Nb5 Qxc5
22. Qxc5 Nxc5 23. b3 Nxb3 24. Bb2 Nxa1 25. Bxa1 Nc4 26. Rg3 Rxa2 27. Bc3 Rb8 28.
Nd4 Rb1+ 29. Be1 Rxe1# 0-1

[Event "ch-FRA Blitz Online Qual"]
[Site "Europe-Chess INT"]
[Date "2020.05.16"]
[Round "1"]
[White "Goulesque, Camille"]
[Black "Abiven, Pierre-Louis"]
[Result "1-0"]
[WhiteElo "1899"]
[BlackElo "1200"]
[WhiteFideId "26086140"]
[BlackFideId "45168016"]
[EventDate "2020.05.16"]

1. d4 d5 2. c4 e6 3. Nc3 Nf6 4. Nf3 Bb4 5. Qa4+ Nc6 6. e3 Ne4 7. Qc2 Bxc3+ 8.
bxc3 O-O 9. Bd3 f5 10. Ba3 Rf7 11. cxd5 exd5 12. c4 Be6 13. Rb1 b6 14. cxd5 Bxd5
15. Rb5 a6 16. Rxd5 Qxd5 17. O-O b5 18. Rc1 Na5 19. Ne5 Rf6 20. Qxc7 Qb7 21.
Qxa5 Rc8 22. Rxc8+ Qxc8 23. f3 Ng5 24. Qe1 h6 25. Bc5 Nf7 26. Nxf7 Kxf7 27. e4
fxe4 28. Qxe4 Qe6 29. Qxe6+ Rxe6 30. Kf2 Ke8 31. d5 Re5 32. Be4 Kd7 33. Bd4 Rg5
34. h4 Rh5 35. Bg6 Rxd5 36. Bxg7 Rd6 37. h5 Rd2+ 38. Ke3 Rxa2 39. Bxh6 Rxg2 40.
Bg7 b4 41. h6 b3 42. h7 Rxg6 43. h8=Q Re6+ 44. Kd3 Rd6+ 45. Bd4 b2 46. Qg7+ Kc6
47. Qg1 a5 48. Qb1 Rf6 49. Bxf6 Kb5 50. Qxb2+ Ka6 51. Bd4 a4 52. Qb6# 1-0

[Event "ch-FRA Blitz Online Qual"]
[Site "Europe-Chess INT"]
[Date "2020.05.16"]
[Round "1"]
[White "Paralieu, Emma"]
[Black "Percheron, Andre"]
[Result "0-1"]
[WhiteElo "1312"]
[BlackElo "1846"]
[WhiteFideId "45154163"]
[BlackFideId "20607091"]
[EventDate "2020.05.16"]

1. e4 c5 2. Nf3 Nc6 3. c3 Nf6 4. e5 Nd5 5. d4 cxd4 6. cxd4 d6 7. Bc4 dxe5 8.
dxe5 e6 9. Bg5 Be7 10. Bxe7 Ncxe7 11. Na3 a6 12. Nc2 O-O 13. O-O b5 14. Bb3 Bb7
15. Ne3 Qb6 16. Nxd5 Nxd5 17. Qe2 h6 18. Rad1 Rfd8 19. Rd2 Nf4 20. Rxd8+ Rxd8
21. Qe3 Qxe3 22. fxe3 Ng6 23. e4 Kf8 24. Bc2 Ke7 25. h3 Rc8 26. Bb1 Rc5 27. b4
Rc4 28. a3 Rc3 29. Rd1 Rxa3 30. Nd4 Nxe5 31. Rc1 Nc4 32. Bd3 Rxd3 33. Nf3 Bxe4
34. Ne1 Rd2 35. Ra1 Ne3 36. Rxa6 Nxg2 37. Nxg2 Rxg2+ 38. Kf1 Rb2 39. Ra7+ Kf6
40. Ra6 Rxb4 41. Rb6 Rb2 42. Ke1 b4 43. Rb5 b3 44. Rb4 Rb1+ 45. Kd2 Bc2 46. Kc3
Rd1 47. Rf4+ Ke7 48. Kb2 f6 49. Rb4 Kf7 50. Rb5 e5 51. Rb7+ Kg6 52. Rb4 f5 53.
Rb6+ Kg5 54. Rb4 e4 55. Rb7 g6 56. Rb4 Kf4 57. Rb6 g5 58. Rxh6 Rb1+ 59. Kc3 e3
60. Rb6 e2 61. Re6 Be4 62. Rb6 e1=Q+ 63. Kc4 Rc1+ 64. Kd4 Qe3# 0-1

[Event "ch-FRA Blitz Online Qual"]
[Site "Europe-Chess INT"]
[Date "2020.05.16"]
[Round "1"]
[White "De Nave, Julien"]
[Black "Ludwiczak, Virginie"]
[Result "0-1"]
[WhiteElo "1177"]
[BlackElo "1875"]
[WhiteFideId "45188360"]
[BlackFideId "20655592"]
[EventDate "2020.05.16"]

1. e4 e6 2. d4 d5 3. exd5 exd5 4. Bd3 Bd6 5. Nc3 c6 6. Nf3 Nf6 7. Be3 O-O 8. O-O
Bg4 9. h3 Bh5 10. Be2 Nbd7 11. Nd2 Bg6 12. Nb3 b6 13. a3 Re8 14. Rc1 Rc8 15. Qd2
Nf8 16. Ba6 Rb8 17. Bd3 Bc7 18. Rce1 Qd6 19. g3 Ne6 20. Bxg6 hxg6 21. Kg2 a5 22.
Bg5 b5 23. Bxf6 gxf6 24. Qd3 Kg7 25. Nd2 b4 26. axb4 axb4 27. Ne2 c5 28. c3 c4
29. Qc2 b3 30. Qc1 Ng5 31. Ng1 Qd7 32. Rxe8 Rxe8 33. Ndf3 Ne4 34. Nh2 Qd6 35.
Qe3 f5 36. f3 Qxg3+ 37. Kh1 Qxh2# 0-1

[Event "ch-FRA Blitz Online Qual"]
[Site "Europe-Chess INT"]
[Date "2020.05.16"]
[Round "1"]
[White "Pigeat, Benoit"]
[Black "Leonardy, Batiste"]
[Result "1-0"]
[WhiteElo "1873"]
[BlackElo "1177"]
[WhiteFideId "20643390"]
[BlackFideId "36062880"]
[EventDate "2020.05.16"]

1. e4 c5 2. Nf3 d6 3. d4 cxd4 4. Nxd4 Nf6 5. Nc3 a6 6. Bc4 e6 7. f3 Be7 8. Be3
O-O 9. Qd2 b5 10. Bb3 Nbd7 11. O-O Bb7 12. Rfd1 Nc5 13. a4 Nxb3 14. Nxb3 b4 15.
Ne2 a5 16. Ned4 Rc8 17. Nb5 Bc6 18. Nxd6 Bxd6 19. Qxd6 Qe8 20. Bc5 Nd7 21. Rd2
Bb7 22. Qxd7 1-0

[Event "ch-FRA Blitz Online Qual"]
[Site "Europe-Chess INT"]
[Date "2020.05.16"]
[Round "1"]
[White "Negre, Maxime"]
[Black "Auder, Benjamin"]
[Result "0-1"]
[WhiteElo "1105"]
[BlackElo "1934"]
[WhiteFideId "45187231"]
[BlackFideId "635065"]
[EventDate "2020.05.16"]

1. e4 Nc6 2. Nf3 d6 3. d4 Nf6 4. Nc3 Bg4 5. Bd3 Nxd4 6. Be3 Nxf3+ 7. gxf3 Bh3 8.
Bg5 c6 9. Qd2 Bg2 10. Rg1 Bxf3 11. Qe3 Bh5 12. f3 e5 13. O-O-O Be7 14. Be2 Qb6
15. Qxb6 axb6 16. f4 Bxe2 17. Nxe2 Nxe4 18. Bxe7 Kxe7 19. fxe5 dxe5 20. Rxg7
Rag8 21. Rxg8 Rxg8 22. Nc3 Nxc3 23. bxc3 f5 24. Re1 Ke6 25. Kb2 f4 26. Kb3 f3
27. Rf1 e4 28. Re1 Ke5 29. a4 f2 30. Rf1 e3 31. Kb4 Rf8 32. a5 bxa5+ 33. Kxa5 e2
34. Kb6 exf1=Q 0-1

[Event "ch-FRA Blitz Online Qual"]
[Site "Europe-Chess INT"]
[Date "2020.05.16"]
[Round "1"]
[White "Bakouri, Abdelmajid"]
[Black "Droulout, Paul"]
[Result "1-0"]
[WhiteElo "1871"]
[BlackElo "1176"]
[WhiteFideId "7901682"]
[BlackFideId "45109770"]
[EventDate "2020.05.16"]

1. e4 c5 2. Nf3 d6 3. Bc4 Nf6 4. d3 g6 5. O-O Bg7 6. Nc3 O-O 7. Bg5 h6 8. Bh4
Nc6 9. a4 a6 10. Re1 Bd7 11. Qd2 Qb8 12. Nd5 Nxd5 13. exd5 Re8 14. dxc6 Bxc6 15.
Rxe7 Rxe7 16. Bxe7 Qc7 17. Re1 Re8 18. Bh4 Rf8 19. Qf4 g5 20. Nxg5 hxg5 21. Bxg5
Kh7 22. Qf5+ Kh8 23. Be7 Re8 24. Qxf7 Qd8 25. Qh5+ Bh6 26. Qxh6# 1-0

[Event "ch-FRA Blitz Online Qual"]
[Site "Europe-Chess INT"]
[Date "2020.05.16"]
[Round "1"]
[White "Varin, Timeo"]
[Black "Dimey, Cyrille"]
[Result "1-0"]
[WhiteElo "1287"]
[BlackElo "1871"]
[WhiteFideId "45117527"]
[BlackFideId "20658273"]
[EventDate "2020.05.16"]

1. e4 e6 2. d4 d5 3. Nd2 Be7 4. Ne2 Nf6 5. e5 Nfd7 6. Nf3 c5 7. c3 Nc6 8. Be3
O-O 9. g3 f6 10. Nf4 Ndb8 11. Bg2 fxe5 12. dxe5 Qb6 13. Qd2 Rd8 14. Rd1 d4 15.
cxd4 cxd4 16. Nxd4 Bb4 17. Ndxe6 Bxd2+ 18. Rxd2 Qa5 19. Nxd8 Nxd8 20. O-O Nbc6
21. Rfd1 Bg4 22. f3 Bf5 23. g4 Bg6 24. e6 Qc7 25. Rd7 Qa5 26. Nxg6 hxg6 27. e7
Nxe7 28. Rxe7 Qxa2 29. Rdd7 Qa1+ 30. Bf1 Qxb2 31. Bd4 Qb3 32. Rxg7+ Kf8 33. Rh7
Ne6 34. Rh8# 1-0

[Event "ch-FRA Blitz Online Qual"]
[Site "Europe-Chess INT"]
[Date "2020.05.16"]
[Round "1"]
[White "Boumrar, Ayrad"]
[Black "Naillou, Thomas"]
[Result "1-0"]
[WhiteElo "1431"]
[BlackElo "2072"]
[WhiteFideId "45182310"]
[BlackFideId "36009741"]
[EventDate "2020.05.16"]

1. d4 Nf6 2. c4 c5 3. d5 b5 4. cxb5 a6 5. b6 d6 6. Nc3 Nbd7 7. Nf3 g6 8. e4 Qxb6
9. Be2 Bg7 10. O-O O-O 11. a4 Qc7 12. Be3 Ng4 13. Qd2 Nxe3 14. Qxe3 Ne5 15. Nxe5
Bxe5 16. Bc4 Bd7 17. Kh1 Rfb8 18. f4 Bd4 19. Qd2 Rb4 20. b3 a5 21. Rac1 Re8 22.
Ne2 Bg7 23. f5 Be5 24. fxg6 hxg6 25. Qh6 Bg7 26. Qh4 Bf6 27. Rxf6 exf6 28. Qh6
Re5 29. Rc3 Rh5 30. Qf4 Kg7 31. Rf3 f5 32. Ng3 Rh7 33. h3 Bxa4 34. exf5 Rb8 35.
bxa4 Rhh8 36. fxg6 fxg6 37. Qf6+ Kh7 38. Rf4 Qg7 39. Rh4+ Kg8 40. Rxh8+ Kxh8 41.
Qxd6 Rb1+ 42. Kh2 Qd4 43. Bf1 Rb3 44. Qf8+ Kh7 45. Qf7+ Kh6 46. Qf8+ Kh7 47.
Qf7+ Kh6 48. Qf8+ Qg7 49. Qxg7+ Kxg7 50. Bb5 Kf6 51. d6 Rb4 52. d7 Ke7 53. Ne2
c4 54. Nc3 Rb3 55. Nd5+ Kd8 56. Bxc4 Rb1 57. Bb5 Rd1 58. Ne3 Rd4 59. Ng4 Rd6 60.
Ne5 Kc7 61. Nf7 Rxd7 62. Bxd7 Kxd7 63. Ne5+ Kd6 64. Nxg6 Kc5 65. Ne5 Kb4 66. h4
Kxa4 67. h5 Kb3 68. Nc6 a4 69. Na5+ Kb4 70. Nc6+ Kc5 71. h6 a3 72. h7 a2 73.
h8=Q Kxc6 74. Qb2 Kc5 75. Qxa2 1-0

[Event "ch-FRA Blitz Online Qual"]
[Site "Europe-Chess INT"]
[Date "2020.05.16"]
[Round "1"]
[White "Louvrier Saint-Mary, Jean-Roger"]
[Black "Fernandez, Maylis"]
[Result "1-0"]
[WhiteElo "1780"]
[BlackElo "1165"]
[WhiteFideId "618349"]
[BlackFideId "45148511"]
[EventDate "2020.05.16"]

1. Nf3 Nf6 2. g3 g6 3. Bg2 Bg7 4. O-O O-O 5. d3 d5 6. e4 dxe4 7. dxe4 Qxd1 8.
Rxd1 Nxe4 9. Nd4 Nf6 10. Nc3 c6 11. h3 Nbd7 12. Nde2 Nb6 13. Be3 Bf5 14. Nd4 Bd7
15. Rd2 Nc4 16. Re2 Nxb2 17. Rb1 Nc4 18. Rxb7 Rab8 19. Rxa7 Nxe3 20. Rxe3 Rfd8
21. Rxe7 Bxh3 22. Nxc6 Bxg2 23. Nxd8 Rxd8 24. Rxf7 Ne8 25. Kxg2 Bxc3 26. Rxh7
Bg7 27. Rh4 Rd2 28. Rc4 Kf8 29. Rc8 Bd4 30. Raa8 Rxf2+ 31. Kh3 Re2 32. a4 g5 33.
Kg4 Bf6 34. Kf5 Rf2+ 35. Kg6 g4 36. Rxe8# 1-0

[Event "ch-FRA Blitz Online Qual"]
[Site "Europe-Chess INT"]
[Date "2020.05.16"]
[Round "1"]
[White "Frazao, Pascal"]
[Black "Martinez, Felicien"]
[Result "0-1"]
[WhiteElo "1165"]
[BlackElo "1867"]
[WhiteFideId "45127557"]
[BlackFideId "45141207"]
[EventDate "2020.05.16"]

1. d4 e6 2. e3 f5 3. c4 Nf6 4. c5 Be7 5. Nf3 O-O 6. Bd3 d6 7. b4 a5 8. Ba3 axb4
9. Bxb4 Nc6 10. Qd2 e5 11. O-O e4 12. cxd6 cxd6 13. Bb5 exf3 14. gxf3 f4 15.
Bxc6 bxc6 16. Nc3 Bh3 17. Rfe1 Qe8 18. Ne2 Qg6+ 19. Kh1 Qg2# 0-1

[Event "ch-FRA Blitz Online Qual"]
[Site "Europe-Chess INT"]
[Date "2020.05.16"]
[Round "1"]
[White "Martinez Martinez, Mateo"]
[Black "Lebrun, Mathieu"]
[Result "1-0"]
[WhiteElo "1917"]
[BlackElo "1177"]
[WhiteFideId "36055140"]
[BlackFideId "36094099"]
[EventDate "2020.05.16"]

1. d4 d5 2. c4 e6 3. Nc3 Nf6 4. cxd5 exd5 5. Bg5 Be7 6. Qc2 Bd7 7. e3 Nc6 8. a3
O-O 9. Bd3 Bg4 10. h3 Bh5 11. Bxf6 Bxf6 12. Bxh7+ Kh8 13. Bd3 Qd7 14. Nge2 Rfe8
15. O-O Qe6 16. Nf4 Qd6 17. Nxh5 Bg5 18. Rae1 Qh6 19. Be2 g6 20. Ng3 Re6 21. Bf3
Ne7 22. Nxd5 Nxd5 23. Bxd5 Rd6 24. Bxf7 Rf8 25. Bb3 Rdf6 26. Ne4 Rf5 27. Nxg5
Qxg5 28. f4 Qg3 29. Qf2 Qxf2+ 30. Kxf2 g5 31. g3 gxf4 32. exf4 Kg7 33. Re7+ Kh8
34. Rxc7 Re8 35. Re1 Rd8 36. Ree7 Rd6 37. Rxb7 Rdd5 38. Bxd5 Rxd5 39. Ke3 Rd7
40. Rb8+ Rd8 41. Rxd8# 1-0

[Event "ch-FRA Blitz Online Qual"]
[Site "Europe-Chess INT"]
[Date "2020.05.16"]
[Round "1"]
[White "Briguet, Remi"]
[Black "Lebrun, Elias"]
[Result "0-1"]
[WhiteElo "1160"]
[BlackElo "1880"]
[WhiteFideId "551081210"]
[BlackFideId "26073110"]
[EventDate "2020.05.16"]

1. e4 c5 2. Nf3 Nc6 3. Nc3 Nf6 4. Bc4 e6 5. O-O d5 6. Bb5 d4 7. Na4 Bd7 8. Nxc5
Bxc5 9. d3 O-O 10. Bg5 h6 11. Bxf6 Qxf6 12. Bxc6 Bxc6 13. h3 e5 14. Qd2 Be7 15.
Qb4 Bxb4 16. a3 Bd6 17. c3 dxc3 18. bxc3 Bd7 19. Rab1 b6 20. d4 exd4 21. cxd4
Qg6 22. Ne5 Bxe5 23. dxe5 Bxh3 24. g3 Bxf1 25. Rxf1 Qxe4 26. Rc1 Qxe5 27. Rc4
Rac8 28. Rxc8 Rxc8 29. f4 Qe3+ 30. Kf1 Rc2 31. f5 Qf2# 0-1

[Event "ch-FRA Blitz Online Qual"]
[Site "Europe-Chess INT"]
[Date "2020.05.16"]
[Round "1"]
[White "Rahnama, Matin"]
[Black "Menoux, Abel"]
[Result "1-0"]
[WhiteElo "1754"]
[BlackElo "1141"]
[WhiteFideId "45146039"]
[BlackFideId "36087173"]
[EventDate "2020.05.16"]

1. e4 c6 2. c4 d5 3. cxd5 cxd5 4. exd5 Nf6 5. Bb5+ Bd7 6. Bc4 Bg4 7. Qa4+ Bd7 8.
Qb3 a6 9. Qxb7 Bc8 10. Qxa8 Qc7 11. d3 Bb7 12. Qa7 Nxd5 13. Ne2 Nb6 14. Bf4 Qc6
15. Qxb8+ Nc8 16. Nbc3 e6 17. Qc7 Qxg2 18. Rg1 Qc6 19. Qxc6+ Bxc6 20. O-O-O Bc5
21. Rxg7 Bxf2 22. Rf1 Bd4 23. Nxd4 Bb7 24. Be5 Rf8 25. Rxh7 Bg2 26. Rf2 Bh1 27.
Bxa6 Ne7 28. Bb5+ Kd8 29. Rhxf7 Ng8 30. Rxf8+ Ke7 31. Rxg8 Be4 32. Rg7+ Kd8 33.
Rf8# 1-0

[Event "ch-FRA Blitz Online Qual"]
[Site "Europe-Chess INT"]
[Date "2020.05.16"]
[Round "1"]
[White "Guillou, Paul"]
[Black "Vallee, Louis"]
[Result "0-1"]
[WhiteElo "1157"]
[BlackElo "1864"]
[WhiteFideId "551031140"]
[BlackFideId "45103291"]
[EventDate "2020.05.16"]

1. d4 d5 2. c4 c6 3. Nc3 Nf6 4. e3 e6 5. Nf3 Nbd7 6. Be2 dxc4 7. Bxc4 b5 8. Be2
Bd6 9. Bd2 O-O 10. a3 Bb7 11. O-O Qe7 12. Qc2 a6 13. Bd3 c5 14. Be2 Rac8 15.
Rfe1 cxd4 16. exd4 Nd5 17. Bd3 N7f6 18. Qb3 Nxc3 19. Bxc3 Bxf3 20. gxf3 Nd5 21.
Bf5 Qh4 22. Bxe6 Qxh2+ 23. Kf1 Nf4 24. Bxf7+ Rxf7 25. Rec1 Qh1# 0-1

[Event "ch-FRA Blitz Online Qual"]
[Site "Europe-Chess INT"]
[Date "2020.05.16"]
[Round "1"]
[White "Dijoux, Julien"]
[Black "Trimbitasu, Elyas"]
[Result "1-0"]
[WhiteElo "1862"]
[BlackElo "1175"]
[WhiteFideId "666483"]
[BlackFideId "551013410"]
[EventDate "2020.05.16"]

1. e4 e5 2. Nf3 Nc6 3. Bb5 Bc5 4. c3 Nf6 5. d4 exd4 6. e5 Ng4 7. cxd4 Bb4+ 8.
Nc3 Nh6 9. a3 Ba5 10. O-O a6 11. Ba4 b5 12. Bc2 Bb6 13. Re1 O-O 14. Bxh6 gxh6
15. Qd3 f5 16. exf6 Rf7 17. d5 Nb8 18. Ne5 Rxf6 19. Qxh7+ Kf8 20. Qh8+ Ke7 21.
Nc4+ Kf7 22. Qh7+ Kf8 23. Qh8+ Kf7 24. Qxd8 Bxf2+ 25. Kh1 Bxe1 26. Rxe1 Kg7 27.
Qxc8 c6 28. Ne5 Rf2 29. Bd3 Rxb2 30. Nxd7 Rb3 31. Qf8# 1-0

[Event "ch-FRA Blitz Online Qual"]
[Site "Europe-Chess INT"]
[Date "2020.05.16"]
[Round "1"]
[White "Azymah, Remy"]
[Black "Rieger, Lylian"]
[Result "1-0"]
[WhiteElo "1934"]
[BlackElo "1148"]
[WhiteFideId "26014300"]
[BlackFideId "551000105"]
[EventDate "2020.05.16"]

1. e4 e5 2. f4 exf4 3. Nf3 Nc6 4. Nc3 d6 5. d4 Qf6 6. Nd5 Qd8 7. Bxf4 Nf6 8. Bg5
Be7 9. Nxe7 Qxe7 10. Bd3 h6 11. Bh4 g5 12. Nxg5 hxg5 13. Bxg5 Rg8 14. Bh4 Rxg2
15. Qf3 Nxd4 16. Qxg2 Qe5 17. Rf1 Nh5 18. Qg8+ Kd7 19. Qxf7+ Kc6 20. Qc4+ Kd7
21. O-O-O Nf4 22. Bg3 Nxd3+ 23. Rxd3 Qg5+ 24. Kb1 Ne2 25. Rdf3 Nxg3 26. Rxg3 Qh4
27. Rf7+ Ke8 28. Rg8# 1-0

[Event "ch-FRA Blitz Online Qual"]
[Site "Europe-Chess INT"]
[Date "2020.05.16"]
[Round "1"]
[White "Ragneau, Freddy"]
[Black "Fronius, Lino"]
[Result "1-0"]
[WhiteElo "1859"]
[BlackElo "1313"]
[WhiteFideId "36001228"]
[BlackFideId "36050083"]
[EventDate "2020.05.16"]

1. e4 e5 2. Nf3 Nc6 3. d4 exd4 4. Nxd4 Bc5 5. c3 d6 6. Be2 Nf6 7. Bf3 Ne5 8. O-O
h6 9. Nd2 g5 10. Be2 Bd7 11. b4 Bb6 12. a4 a6 13. Qc2 Be6 14. N2f3 Bxd4 15. cxd4
Nxf3+ 16. Bxf3 Qd7 17. e5 Nd5 18. Bxd5 Bxd5 19. exd6 Qxd6 20. Re1+ Be6 21. Bb2
Qd5 22. Rac1 c6 23. Qc5 Kd7 24. Bc3 Rhc8 25. Qb6 h5 26. Re5 Qb3 27. Qxb7+ Ke8
28. Qb6 Qa3 29. Ree1 1-0

[Event "ch-FRA Blitz Online Qual"]
[Site "Europe-Chess INT"]
[Date "2020.05.16"]
[Round "1"]
[White "Bellahcene, Meriem"]
[Black "Baudouin, Moise"]
[Result "1-0"]
[WhiteElo "1936"]
[BlackElo "1135"]
[WhiteFideId "20655347"]
[BlackFideId "45116369"]
[EventDate "2020.05.16"]

1. e4 e6 2. d4 d5 3. e5 c5 4. c3 Nc6 5. Nf3 Bd7 6. a3 b6 7. b4 a5 8. b5 Na7 9.
a4 cxd4 10. cxd4 Bb4+ 11. Bd2 Qe7 12. Be2 Rc8 13. O-O f6 14. Qb3 Ra8 15. Rc1
Bxd2 16. Nbxd2 Nh6 17. Rc7 O-O 18. Rac1 Rac8 19. h3 Qd8 20. Rxc8 Nxc8 21. Qc3
Qe7 22. Nf1 Nf5 23. Ne3 Nxe3 24. Qxe3 f5 25. Qf4 h6 26. Qg3 g5 27. h4 f4 28. Qg4
Qg7 29. hxg5 1-0

[Event "ch-FRA Blitz Online Qual"]
[Site "Europe-Chess INT"]
[Date "2020.05.16"]
[Round "1"]
[White "Quartararo, Pierre"]
[Black "Remtoula, Naushad"]
[Result "1-0"]
[WhiteElo "1909"]
[BlackElo "1126"]
[WhiteFideId "614491"]
[BlackFideId "551060019"]
[EventDate "2020.05.16"]

1. d4 e6 2. c4 f5 3. Nf3 Nf6 4. Nc3 Be7 5. e3 b6 6. Be2 Bb7 7. Qc2 O-O 8. b3 d6
9. Bb2 Ne4 10. Rd1 Nxc3 11. Qxc3 Qe8 12. O-O Nd7 13. d5 e5 14. Rfe1 Nf6 15. Nd2
Ne4 16. Nxe4 fxe4 17. Rf1 Qg6 18. f3 exf3 19. Bxf3 Bf6 20. e4 Bg5 21. Kh1 Qh6
22. Rde1 Bf4 23. h3 Rf6 24. Bg4 Qh4 25. Bc1 Qg3 26. Bxf4 Rxf4 27. Rxf4 Qxf4 28.
Qf3 Qg5 29. Rf1 Rf8 30. Qxf8# 1-0

[Event "ch-FRA Blitz Online Qual"]
[Site "Europe-Chess INT"]
[Date "2020.05.16"]
[Round "1"]
[White "Bellahcene, Sofia"]
[Black "Charousset, Donovan"]
[Result "1-0"]
[WhiteElo "1948"]
[BlackElo "1204"]
[WhiteFideId "26075954"]
[BlackFideId "45167699"]
[EventDate "2020.05.16"]

1. e4 e5 2. Bc4 Bc5 3. Nc3 Nc6 4. Qg4 g6 5. Qg3 d6 6. d3 Be6 7. Bxe6 fxe6 8. Nf3
Nd4 9. Nxd4 Bxd4 10. Bg5 Bxc3+ 11. bxc3 Qd7 12. O-O Ne7 13. Bf6 Rf8 14. Qh4 Rf7
15. Rab1 O-O-O 16. Bxe7 Qxe7 17. Qxe7 Rxe7 18. f4 exf4 19. Rxf4 b6 20. Rbf1 Rde8
21. Kf2 g5 22. Rf6 Rg8 23. Ke3 Rgg7 24. c4 Kb7 25. d4 e5 26. d5 Rd7 27. a4 a5
28. c3 Ka7 29. Kf3 Rdf7 30. Kg4 Rxf6 31. Rxf6 Re7 32. Kxg5 Rg7+ 33. Kf5 Rxg2 34.
Rh6 Rf2+ 35. Ke6 Rc2 36. Rxh7 Kb7 37. h4 Rxc3 38. h5 Rh3 39. h6 1-0